Geological Engineering (Record no. 531669)
[ view plain ]
| 000 -LEADER | |
|---|---|
| fixed length control field | 00218nam a2200097 4500 |
| 040 ## - CATALOGING SOURCE | |
| Transcribing agency | DLC |
| 082 ## - DEWEY DECIMAL CLASSIFICATION NUMBER | |
| Classification number | 624.151 |
| Author Mark | VAL |
| 100 ## - MAIN ENTRY--PERSONAL NAME | |
| Personal name | Vallejo, Luis I. Gonzalez |
| 9 (RLIN) | 24613 |
| 245 ## - TITLE STATEMENT | |
| Title | Geological Engineering |
| 942 ## - ADDED ENTRY ELEMENTS (KOHA) | |
| Source of classification or shelving scheme | |
| Koha item type | Book |
| Withdrawn status | Lost status | Source of classification or shelving scheme | Damaged status | Not for loan | Permanent Location | Current Location | Date acquired | Total Checkouts | Full call number | Barcode | Checked out | Date last seen | Date last checked out | Price effective from | Koha item type |
|---|---|---|---|---|---|---|---|---|---|---|---|---|---|---|---|
| School of Civil and Environmental Engineering (SCEE) | School of Civil and Environmental Engineering (SCEE) | 10/23/2019 | 1 | 624.151 VAL | NIT-10055 | 12/04/2019 | 10/23/2019 | 10/23/2019 | 10/23/2019 | Book |
